[Event "George Trundle Masters 2016"]
[Site "Auckland"]
[Date "2016.07.12"]
[Round "4.1"]
[White "Wastney, Scott"]
[Black "Lane, Gary W"]
[Result "1/2-1/2"]
[LiveChessVersion "1.4.8"]
[BlackElo "2375"]
[WhiteElo "2370"]

1. e4 {[%clk 1:30:59]} e5 {[%clk 1:30:51]} 2. Nf3 {[%clk 1:31:24]} Nc6
{[%clk 1:31:18]} 3. Bb5 {[%clk 1:31:50]} a6 {[%clk 1:28:07]} 4. Ba4
{[%clk 1:32:14]} Nf6 {[%clk 1:28:25]} 5. O-O {[%clk 1:32:26]} b5 {[%clk 1:28:33]}
6. Bb3 {[%clk 1:32:29]} Bc5 {[%clk 1:28:58]} 7. c3 {[%clk 1:31:36]} O-O
{[%clk 1:26:34]} 8. d4 {[%clk 1:31:13]} Bb6 {[%clk 1:26:53]} 9. Nxe5
{[%clk 1:18:54]} Nxe5 {[%clk 1:10:41]} 10. dxe5 {[%clk 1:19:02]} Nxe4
{[%clk 1:11:07]} 11. Bd5 {[%clk 1:15:11]} Nxf2 {[%clk 1:08:58]} 12. Rxf2
{[%clk 1:15:04]} c6 {[%clk 1:08:17]} 13. Bb3 {[%clk 1:13:14]} Bxf2+
{[%clk 1:07:06]} 14. Kxf2 {[%clk 1:13:34]} Qh4+ {[%clk 0:59:52]} 15. Kg1
{[%clk 1:12:13]} Qe4 {[%clk 0:58:47]} 16. Nd2 {[%clk 1:08:10]} Qe3+
{[%clk 0:53:57]} 17. Kh1 {[%clk 1:07:27]} Qxe5 {[%clk 0:54:24]} 18. Nf3
{[%clk 1:07:12]} Qc7 {[%clk 0:54:34]} 19. Bg5 {[%clk 1:04:19]} d5
{[%clk 0:54:34]} 20. Bc2 {[%clk 0:57:47]} f6 {[%clk 0:50:54]} 21. Be3
{[%clk 0:56:24]} Qe7 {[%clk 0:44:33]} 22. Qg1 {[%clk 0:54:43]} Re8
{[%clk 0:43:40]} 23. Bc5 {[%clk 0:54:42]} Qf7 {[%clk 0:43:58]} 24. Rf1
{[%clk 0:51:06]} Qh5 {[%clk 0:43:21]} 25. Nd4 {[%clk 0:51:03]} Bd7
{[%clk 0:43:06]} 26. Qf2 {[%clk 0:50:00]} Re5 {[%clk 0:35:26]} 27. Bd6
{[%clk 0:49:31]} Ree8 {[%clk 0:35:47]} 28. Bd3 {[%clk 0:45:57]} a5
{[%clk 0:31:28]} 29. a3 {[%clk 0:43:32]} a4 {[%clk 0:31:03]} 30. Kg1
{[%clk 0:33:19]} Qg5 {[%clk 0:22:55]} 31. Nf5 {[%clk 0:27:01]} Kh8
{[%clk 0:18:24]} 32. Bc5 {[%clk 0:21:49]} Re6 {[%clk 0:10:52]} 33. Nd4
{[%clk 0:11:38]} Ree8 {[%clk 0:09:53]} 34. Nf3 {[%clk 0:10:29]} Qh5
{[%clk 0:10:06]} 35. Qg3 {[%clk 0:09:15]} Qg4 {[%clk 0:08:12]} 36. Qf2
{[%clk 0:09:30]} Qh5 {[%clk 0:08:15]} 37. h3 {[%clk 0:09:34]} Qh6
{[%clk 0:07:19]} 38. Qg3 {[%clk 0:09:19]} Rac8 {[%clk 0:06:44]} 39. Nh4
{[%clk 0:08:30]} Qg5 {[%clk 0:04:06]} 40. Qxg5 {[%clk 0:37:52]} fxg5
{[%clk 0:34:31]} 41. Nf5 {[%clk 0:35:48]} Bxf5 {[%clk 0:23:32]} 42. Rxf5
{[%clk 0:33:38]} Re1+ {[%clk 0:23:18]} 43. Kf2 {[%clk 0:31:59]} Rce8
{[%clk 0:23:24]} 44. Rf8+ {[%clk 0:23:18]} Rxf8+ {[%clk 0:23:48]} 45. Kxe1
{[%clk 0:23:39]} Rf6 {[%clk 0:19:45]} 46. Be2 {[%clk 0:21:13]} Kg8
{[%clk 0:19:23]} 47. Bg4 {[%clk 0:21:26]} Kf7 {[%clk 0:18:26]} 48. Ke2
{[%clk 0:19:52]} g6 {[%clk 0:16:06]} 49. Bd4 {[%clk 0:17:39]} Rd6
{[%clk 0:15:58]} 50. Kd3 {[%clk 0:16:26]} Rd8 {[%clk 0:15:42]} 51. Be3
{[%clk 0:14:09]} Kf6 {[%clk 0:16:06]} 52. Kd4 {[%clk 0:06:32]} h5
{[%clk 0:16:15]} 53. Bf3 {[%clk 0:06:04]} Re8 {[%clk 0:16:30]} 54. Bf2
{[%clk 0:06:18]} Kf5 {[%clk 0:16:18]} 55. Kc5 {[%clk 0:06:16]} Re6
{[%clk 0:15:50]} 56. Bd1 {[%clk 0:05:48]} Kf4 {[%clk 0:13:14]} 57. Kd4
{[%clk 0:02:17]} Re4+ {[%clk 0:11:19]} 58. Kd3 {[%clk 0:02:14]} g4
{[%clk 0:09:59]} 59. g3+ {[%clk 0:01:32]} Kf5 {[%clk 0:09:48]} 60. hxg4+
{[%clk 0:01:52]} hxg4 {[%clk 0:10:14]} 61. Be2 {[%clk 0:02:02]} Re7
{[%clk 0:08:04]} 62. Kd2 {[%clk 0:02:05]} Rh7 {[%clk 0:08:13]} 63. Bd3+
{[%clk 0:01:53]} Kg5 {[%clk 0:08:21]} 64. Be3+ {[%clk 0:02:09]} Kf6
{[%clk 0:08:40]} 65. Bd4+ {[%clk 0:01:48]} Kg5 {[%clk 0:09:02]} 66. Be3+
{[%clk 0:01:28]} Kf6 {[%clk 0:09:26]} 67. Bd4+ {[%clk 0:00:58]} Kg5
{[%clk 0:09:49]} 1/2-1/2

[Event "George Trundle Masters 2016"]
[Site "Auckland"]
[Date "2016.07.12"]
[Round "4.2"]
[White "Wallis, Christopher"]
[Black "Hague, Ben"]
[Result "0-1"]
[LiveChessVersion "1.4.8"]
[BlackElo "2336"]
[WhiteElo "2351"]

1. d4 {[%clk 1:30:57]} Nf6 {[%clk 1:30:49]} 2. c4 {[%clk 1:31:21]} e6
{[%clk 1:31:16]} 3. Nc3 {[%clk 1:31:45]} Bb4 {[%clk 1:31:42]} 4. e3
{[%clk 1:32:09]} b6 {[%clk 1:31:54]} 5. Nge2 {[%clk 1:32:23]} c5 {[%clk 1:32:05]}
6. a3 {[%clk 1:32:44]} Ba5 {[%clk 1:32:27]} 7. Rb1 {[%clk 1:33:04]} Qe7
{[%clk 1:32:36]} 8. Bd2 {[%clk 1:33:24]} Bb7 {[%clk 1:31:58]} 9. Ng3
{[%clk 1:20:19]} cxd4 {[%clk 1:13:55]} 10. exd4 {[%clk 1:19:50]} Bxc3
{[%clk 1:13:58]} 11. Bxc3 {[%clk 1:20:13]} O-O {[%clk 1:13:40]} 12. Bd3
{[%clk 1:04:22]} Bxg2 {[%clk 1:07:52]} 13. Rg1 {[%clk 1:04:32]} Bb7
{[%clk 1:07:06]} 14. Nh5 {[%clk 1:01:12]} g6 {[%clk 1:01:57]} 15. Bb4
{[%clk 0:58:46]} d6 {[%clk 0:58:22]} 16. Nxf6+ {[%clk 0:45:12]} Qxf6
{[%clk 0:58:03]} 17. Bxd6 {[%clk 0:45:25]} Nc6 {[%clk 0:58:17]} 18. Be4
{[%clk 0:40:05]} Rfd8 {[%clk 0:56:07]} 19. c5 {[%clk 0:33:09]} Rac8
{[%clk 0:47:41]} 20. Rg3 {[%clk 0:28:10]} Rd7 {[%clk 0:36:07]} 21. Rd3
{[%clk 0:14:46]} Ba6 {[%clk 0:21:17]} 22. Rd2 {[%clk 0:12:58]} Qg5
{[%clk 0:16:45]} 23. Bg3 {[%clk 0:12:35]} bxc5 {[%clk 0:16:52]} 24. dxc5
{[%clk 0:09:52]} Rxd2 {[%clk 0:16:45]} 25. Qxd2 {[%clk 0:10:16]} Qxc5
{[%clk 0:16:59]} 26. Rc1 {[%clk 0:10:07]} Qb5 {[%clk 0:16:33]} 27. Bg2
{[%clk 0:10:32]} Rd8 {[%clk 0:14:32]} 28. Qe3 {[%clk 0:10:03]} Nd4
{[%clk 0:13:48]} 29. Be5 {[%clk 0:05:32]} Nf3+ {[%clk 0:10:12]} 30. Qxf3
{[%clk 0:05:23]} Qxe5+ {[%clk 0:10:34]} 31. Qe3 {[%clk 0:05:33]} Qxb2
{[%clk 0:10:51]} 32. Bf1 {[%clk 0:04:41]} Rd5 {[%clk 0:07:46]} 33. Rc3
{[%clk 0:03:29]} Bxf1 {[%clk 0:06:22]} 34. Kxf1 {[%clk 0:03:42]} Rd1+
{[%clk 0:05:05]} 35. Kg2 {[%clk 0:04:07]} Qb7+ {[%clk 0:05:15]} 36. f3
{[%clk 0:03:31]} Qb2+ {[%clk 0:04:20]} 37. Kh3 {[%clk 0:03:40]} Rd5
{[%clk 0:04:23]} 38. Kg3 {[%clk 0:03:16]} Rd2 {[%clk 0:02:21]} 39. Qe5
{[%clk 0:03:40]} Rg2+ {[%clk 0:02:02]} 40. Kh4 {[%clk 0:33:04]} Rxh2+
{[%clk 0:32:20]} 41. Kg4 {[%clk 0:30:32]} Qg2+ {[%clk 0:31:44]} 42. Kf4
{[%clk 0:30:22]} Qd2+ {[%clk 0:29:04]} 43. Kg4 {[%clk 0:28:29]} f5+
{[%clk 0:27:12]} 44. Kg3 {[%clk 0:28:46]} f4+ {[%clk 0:27:25]} 45. Kg4
{[%clk 0:28:55]} Rg2+ {[%clk 0:27:45]} 46. Kh3 {[%clk 0:29:04]} Rg3+
{[%clk 0:28:07]} 47. Kh4 {[%clk 0:29:30]} Qh2# {[%clk 0:27:48]} 0-1

[Event "George Trundle Masters 2016"]
[Site "Auckland"]
[Date "2016.07.12"]
[Round "4.3"]
[White "Chan, Peng Kong"]
[Black "Garbett, Paul A"]
[Result "1-0"]
[LiveChessVersion "1.4.8"]
[BlackElo "2229"]
[WhiteElo "2238"]

1. d4 {[%clk 1:30:41]} Nf6 {[%clk 1:30:13]} 2. Nf3 {[%clk 1:30:50]} e6
{[%clk 1:29:23]} 3. c4 {[%clk 1:30:36]} b6 {[%clk 1:28:44]} 4. g3
{[%clk 1:29:01]} Bb7 {[%clk 1:28:48]} 5. Bg2 {[%clk 1:29:16]} Be7
{[%clk 1:28:37]} 6. O-O {[%clk 1:29:32]} O-O {[%clk 1:28:46]} 7. Re1
{[%clk 1:28:29]} Qc8 {[%clk 1:23:17]} 8. Bg5 {[%clk 1:21:50]} Re8
{[%clk 1:18:44]} 9. Bxf6 {[%clk 1:16:50]} Bxf6 {[%clk 1:18:55]} 10. e4
{[%clk 1:17:15]} d6 {[%clk 1:12:02]} 11. e5 {[%clk 1:13:35]} dxe5
{[%clk 1:11:35]} 12. dxe5 {[%clk 1:13:38]} Be7 {[%clk 1:11:20]} 13. Nc3
{[%clk 1:13:52]} Bb4 {[%clk 0:58:51]} 14. Qc2 {[%clk 1:11:29]} h6
{[%clk 0:58:40]} 15. Rad1 {[%clk 1:05:16]} Nd7 {[%clk 0:51:00]} 16. a3
{[%clk 1:02:12]} Bxc3 {[%clk 0:50:45]} 17. Qxc3 {[%clk 1:02:34]} a5
{[%clk 0:49:25]} 18. Nd4 {[%clk 1:00:08]} Bxg2 {[%clk 0:41:37]} 19. Kxg2
{[%clk 1:00:22]} Qb7+ {[%clk 0:41:46]} 20. Qf3 {[%clk 1:00:33]} Qxf3+
{[%clk 0:41:59]} 21. Kxf3 {[%clk 1:00:53]} Nb8 {[%clk 0:40:20]} 22. Nb5
{[%clk 0:59:31]} Rc8 {[%clk 0:39:05]} 23. Rd2 {[%clk 0:53:31]} Kf8
{[%clk 0:38:46]} 24. Red1 {[%clk 0:51:46]} Ke7 {[%clk 0:39:00]} 25. Ke3
{[%clk 0:48:27]} a4 {[%clk 0:35:41]} 26. f4 {[%clk 0:47:39]} h5 {[%clk 0:35:39]}
27. h3 {[%clk 0:40:18]} g6 {[%clk 0:31:15]} 28. Kf3 {[%clk 0:36:25]} Ra5
{[%clk 0:29:42]} 29. Ke4 {[%clk 0:32:52]} c6 {[%clk 0:24:22]} 30. Nd6
{[%clk 0:31:18]} Rc7 {[%clk 0:22:53]} 31. Ke3 {[%clk 0:31:12]} Na6
{[%clk 0:17:22]} 32. Ne4 {[%clk 0:30:44]} Nc5 {[%clk 0:17:18]} 33. Nf6
{[%clk 0:31:02]} Ra8 {[%clk 0:16:48]} 34. Rd6 {[%clk 0:28:26]} Rb8
{[%clk 0:15:28]} 35. R1d2 {[%clk 0:23:56]} Rcc8 {[%clk 0:11:42]} 36. Nd7
{[%clk 0:21:56]} Rb7 {[%clk 0:11:45]} 37. Nf6 {[%clk 0:21:08]} Rbc7
{[%clk 0:11:18]} 38. Rd1 {[%clk 0:17:36]} Nb3 {[%clk 0:09:23]} 39. Rd7+
{[%clk 0:16:01]} Rxd7 {[%clk 0:08:34]} 40. Rxd7+ {[%clk 0:46:24]} Kf8
{[%clk 0:39:01]} 41. Ne4 {[%clk 0:44:18]} Re8 {[%clk 0:33:25]} 42. Nd6
{[%clk 0:39:55]} Re7 {[%clk 0:33:33]} 43. Rd8+ {[%clk 0:40:17]} Kg7
{[%clk 0:33:51]} 44. Ne8+ {[%clk 0:40:32]} Kh6 {[%clk 0:33:08]} 45. Nf6
{[%clk 0:40:50]} Rb7 {[%clk 0:32:38]} 46. Rh8+ {[%clk 0:40:49]} Kg7
{[%clk 0:33:02]} 47. Rg8+ {[%clk 0:41:14]} Kh6 {[%clk 0:33:27]} 48. g4 1-0

[Event "George Trundle Masters 2016"]
[Site "Auckland"]
[Date "2016.07.12"]
[Round "4.4"]
[White "Watson, Bruce R"]
[Black "Smith, Robert W"]
[Result "1-0"]
[LiveChessVersion "1.4.8"]
[BlackElo "2207"]
[WhiteElo "2237"]

1. c4 {[%clk 1:30:56]} c5 {[%clk 1:30:47]} 2. Nf3 {[%clk 1:31:20]} g6
{[%clk 1:31:03]} 3. Nc3 {[%clk 1:31:37]} Bg7 {[%clk 1:31:04]} 4. g3
{[%clk 1:32:00]} Nc6 {[%clk 1:30:04]} 5. Bg2 {[%clk 1:32:22]} d6 {[%clk 1:28:39]}
6. O-O {[%clk 1:31:20]} e5 {[%clk 1:29:04]} 7. d3 {[%clk 1:31:19]} Nge7
{[%clk 1:28:43]} 8. a3 {[%clk 1:31:22]} O-O {[%clk 1:28:45]} 9. Rb1
{[%clk 1:31:26]} a5 {[%clk 1:29:10]} 10. Bg5 {[%clk 1:30:31]} f6 {[%clk 1:25:48]}
11. Be3 {[%clk 1:30:54]} Be6 {[%clk 1:25:54]} 12. Ne1 {[%clk 1:29:39]} Rb8
{[%clk 1:24:25]} 13. Nc2 {[%clk 1:29:15]} Nd4 {[%clk 1:02:40]} 14. b4
{[%clk 1:25:26]} axb4 {[%clk 1:02:04]} 15. axb4 {[%clk 1:25:42]} b6
{[%clk 0:58:03]} 16. Bd2 {[%clk 1:12:11]} Nxc2 {[%clk 0:49:27]} 17. Qxc2
{[%clk 1:12:18]} Qd7 {[%clk 0:49:47]} 18. Qa4 {[%clk 0:58:54]} Qxa4
{[%clk 0:40:23]} 19. Nxa4 {[%clk 0:59:15]} Bd7 {[%clk 0:39:56]} 20. Nc3
{[%clk 0:56:53]} Bc6 {[%clk 0:39:41]} 21. Bxc6 {[%clk 0:53:33]} Nxc6
{[%clk 0:40:11]} 22. b5 {[%clk 0:53:46]} Ne7 {[%clk 0:39:17]} 23. Ra1
{[%clk 0:53:41]} Rfd8 {[%clk 0:37:25]} 24. Ra7 {[%clk 0:50:53]} Bf8
{[%clk 0:34:44]} 25. e4 {[%clk 0:48:25]} Nc8 {[%clk 0:24:28]} 26. Rc7
{[%clk 0:42:13]} Ra8 {[%clk 0:19:36]} 27. Nd5 {[%clk 0:42:06]} Bg7
{[%clk 0:20:01]} 28. f4 {[%clk 0:40:31]} Rf8 {[%clk 0:16:17]} 29. fxe5
{[%clk 0:33:21]} dxe5 {[%clk 0:16:46]} 30. Bh6 {[%clk 0:29:31]} Bxh6
{[%clk 0:12:47]} 31. Nxf6+ {[%clk 0:29:26]} Rxf6 {[%clk 0:13:12]} 32. Rxf6
{[%clk 0:29:48]} Bf8 {[%clk 0:13:31]} 33. Rfc6 {[%clk 0:28:11]} Nd6
{[%clk 0:12:27]} 34. Rxb6 {[%clk 0:28:07]} Ra3 {[%clk 0:11:35]} 35. Rb8
{[%clk 0:17:07]} Rxd3 {[%clk 0:11:21]} 36. Rd7 {[%clk 0:16:50]} Rd1+
{[%clk 0:10:20]} 37. Kg2 {[%clk 0:16:58]} Rd2+ {[%clk 0:08:30]} 38. Kh3
{[%clk 0:16:57]} Nxc4 {[%clk 0:03:44]} 39. Rxd2 {[%clk 0:16:38]} Nxd2
{[%clk 0:04:10]} 40. b6 {[%clk 0:46:31]} Nxe4 {[%clk 0:31:59]} 41. b7
{[%clk 0:46:37]} Nd6 {[%clk 0:32:21]} 42. Rxf8+ {[%clk 0:46:57]} Kxf8
{[%clk 0:32:51]} 43. b8=Q+ {[%clk 0:47:13]} Ke7 {[%clk 0:33:16]} 44. Qc7+ Ke6 45.
Qxh7 {[%clk 0:47:26]} Kf6 {[%clk 0:33:26]} 46. Qc7 {[%clk 0:46:55]} Ne4
{[%clk 0:33:45]} 47. Qc6+ {[%clk 0:46:44]} Kf5 {[%clk 0:34:09]} 48. g4+
{[%clk 0:46:42]} Kf4 {[%clk 0:34:35]} 49. Qxg6 {[%clk 0:46:30]} Nf2+
{[%clk 0:34:07]} 50. Kh4 {[%clk 0:46:43]} e4 {[%clk 0:34:10]} 51. Qf5+
{[%clk 0:46:48]} Ke3 {[%clk 0:34:39]} 52. Qxc5+ {[%clk 0:47:06]} Kf3
{[%clk 0:35:09]} 53. Qf5+ {[%clk 0:47:02]} Ke2 {[%clk 0:35:29]} 54. Kg3
{[%clk 0:45:35]} e3 {[%clk 0:35:52]} 55. Qf3+ {[%clk 0:45:08]} Kd2
{[%clk 0:36:22]} 56. Qxf2+ {[%clk 0:45:19]} exf2 {[%clk 0:36:51]} 57. Kxf2
{[%clk 0:45:36]} Kd3 {[%clk 0:37:19]} 58. Kf3 {[%clk 0:45:49]} Kd4
{[%clk 0:37:45]} 59. Kf4 {[%clk 0:46:03]} Kd5 {[%clk 0:38:12]} 60. Kf5
{[%clk 0:46:15]} Kd6 {[%clk 0:38:38]} 61. Kf6 {[%clk 0:46:31]} Kd7
{[%clk 0:39:04]} 62. Kf7 {[%clk 0:46:52]} 1-0

[Event "George Trundle Masters 2016"]
[Site "Auckland"]
[Date "2016.07.12"]
[Round "4.5"]
[White "Solomon, Stephen J"]
[Black "Croad, Nicholas"]
[Result "1-0"]
[LiveChessVersion "1.4.8"]
[BlackElo "2320"]
[WhiteElo "2367"]

1. e4 {[%clk 1:30:52]} c5 {[%clk 1:30:56]} 2. Nf3 {[%clk 1:31:04]} d6
{[%clk 1:31:21]} 3. d4 {[%clk 1:31:18]} cxd4 {[%clk 1:31:48]} 4. Nxd4
{[%clk 1:31:39]} Nf6 {[%clk 1:32:13]} 5. Nc3 {[%clk 1:31:58]} Nc6
{[%clk 1:32:38]} 6. Bg5 {[%clk 1:32:23]} e6 {[%clk 1:33:03]} 7. Qd2
{[%clk 1:32:26]} a6 {[%clk 1:33:23]} 8. O-O-O {[%clk 1:32:36]} Bd7
{[%clk 1:33:45]} 9. f4 {[%clk 1:28:00]} b5 {[%clk 1:33:58]} 10. Bxf6
{[%clk 1:25:07]} gxf6 {[%clk 1:34:21]} 11. Nxc6 {[%clk 1:25:08]} Bxc6
{[%clk 1:34:44]} 12. Qe3 {[%clk 1:23:45]} Bh6 {[%clk 1:02:32]} 13. Kb1
{[%clk 1:20:35]} Bb7 {[%clk 1:00:52]} 14. Bd3 {[%clk 1:19:49]} Qc7
{[%clk 0:59:02]} 15. Rhf1 {[%clk 1:17:12]} b4 {[%clk 0:40:56]} 16. Ne2
{[%clk 1:15:59]} O-O-O {[%clk 0:37:44]} 17. c3 {[%clk 1:11:21]} Qc5
{[%clk 0:28:09]} 18. Qh3 {[%clk 1:07:07]} Bg7 {[%clk 0:28:28]} 19. f5
{[%clk 1:05:22]} e5 {[%clk 0:27:01]} 20. cxb4 {[%clk 1:02:05]} Qxb4
{[%clk 0:27:26]} 21. Nc3 {[%clk 0:55:53]} Kd7 {[%clk 0:23:35]} 22. Bc2
{[%clk 0:52:14]} Rb8 {[%clk 0:22:02]} 23. a3 {[%clk 0:49:01]} Qb6
{[%clk 0:21:34]} 24. Na4 {[%clk 0:43:15]} Qb5 {[%clk 0:19:26]} 25. Qe3
{[%clk 0:41:54]} Bc6 {[%clk 0:15:40]} 26. Qa7+ {[%clk 0:37:03]} Bb7
{[%clk 0:15:13]} 27. Nc3 {[%clk 0:31:39]} Qa5 {[%clk 0:13:04]} 28. Ba4+
{[%clk 0:31:11]} 1-0